[Event "Titled Tuesday intern op 10th Sep Early"]
[Site "Chess,com INT"]
[Date "2024.09.10"]
[Round "3"]
[White "Charvi, A."]
[Black "Kaplan, Avi Harrison"]
[Result "1-0"]
[WhiteElo "1944"]
[BlackElo "2328"]
[PlyCount "83"]
[EventDate "2024.09.10"]
[EventType "swiss (blitz)"]
[EventRounds "11"]
[EventCountry "USA"]
[SourceTitle "EXT 2025"]
[Source "ChessBase"]
[SourceDate "2024.10.14"]
[SourceVersion "1"]
[SourceVersionDate "2024.10.14"]
[SourceQuality "1"]

1. e4 g6 2. d4 Bg7 3. Nf3 d6 4. Nc3 Bg4 5. Be3 Nc6 6. Be2 Nf6 7. h3 Bxf3 8. Bxf3 e5 9. d5 Nd4 10. Bxd4 exd4 11. Qxd4 0-0 12. Qd2 Re8 13. 0-0 Nd7 14. g3 Nc5 15. Rfe1 a5 16. Rad1 a4 17. a3 h5 18. h4 Be5 19. Kg2 Qf6 20. Qe3 Ra6 21. Nb5 Re7 22. Nd4 Rb6 23. c3 Rxb2 24. Rb1 Rxb1 25. Rxb1 b6 26. Rb4 Re8 27. Rc4 Ra8 28. Bd1 Ra5 29. Bc2 Qd8 30. Nc6 Qa8 31. Nxa5 Qxa5 32. f4 Bg7 33. e5 Qb5 34. Rb4 Qa6 35. e6 fxe6 36. dxe6 Qa8+ 37. Kh2 Qe8 38. f5 gxf5 39. Bxf5 d5 40. Rf4 Qc6 41. e7 Qe8 42. Bg6 1-0

[Event "Titled Tuesday intern op 10th Sep Late"]
[Site "Chess,com INT"]
[Date "2024.09.10"]
[Round "11"]
[White "Kaplan, Avi Harrison"]
[Black "Martinez Ramirez, Lennis"]
[Result "1-0"]
[WhiteElo "2328"]
[BlackElo "2441"]
[PlyCount "89"]
[EventDate "2024.09.10"]
[EventType "swiss (blitz)"]
[EventRounds "11"]
[EventCountry "USA"]
[SourceTitle "EXT 2025"]
[Source "ChessBase"]
[SourceDate "2024.10.14"]
[SourceVersion "1"]
[SourceVersionDate "2024.10.14"]
[SourceQuality "1"]

1. Nf3 d5 2. b3 Nf6 3. Bb2 Bg4 4. g3 Bxf3 5. exf3 Nbd7 6. f4 g6 7. Bg2 Bg7 8. 0-0 e6 9. d3 0-0 10. Nd2 a5 11. c4 c6 12. Nf3 a4 13. b4 a3 14. Bc3 b5 15. Nd4 Qb6 16. Rc1 Rfd8 17. cxb5 cxb5 18. Ba1 Rdc8 19. Qb3 Qa6 20. Rxc8+ Rxc8 21. Nc2 Ne8 22. Bxg7 Nxg7 23. Qxa3 Qb6 24. Ne3 Nf6 25. Rc1 Rxc1+ 26. Qxc1 h5 27. Qc8+ Kh7 28. Qf8 Qb7 29. h3 Nf5 30. Nf1 Nd4 31. Nd2 Ng8 32. Qc5 Nf5 33. Nf3 Nge7 34. Ng5+ Kg7 35. Qc3+ Kg8 36. Qf6 Nc6 37. Nxe6 Qe7 38. Qxe7 Nfxe7 39. Nc7 Nxb4 40. a3 Nxd3 41. Nxb5 Nc5 42. Kf1 Kf8 43. Ke2 Ke8 44. Nd6+ Kf8 45. Ke3 1-0

[Event "Titled Tuesday intern op 10th Sep Early"]
[Site "Chess,com INT"]
[Date "2024.09.10"]
[Round "1"]
[White "Kaplan, Avi Harrison"]
[Black "Nimay, Agrawal"]
[Result "1-0"]
[WhiteElo "2328"]
[BlackElo "1960"]
[PlyCount "71"]
[EventDate "2024.09.10"]
[EventType "swiss (blitz)"]
[EventRounds "11"]
[EventCountry "USA"]
[SourceTitle "EXT 2025"]
[Source "ChessBase"]
[SourceDate "2024.10.14"]
[SourceVersion "1"]
[SourceVersionDate "2024.10.14"]
[SourceQuality "1"]

1. e4 c5 2. Nf3 g6 3. d4 cxd4 4. Qxd4 Nf6 5. Nc3 Nc6 6. Qa4 d6 7. Nd5 Bg7 8. Bg5 0-0 9. Bxf6 exf6 10. Bd3 f5 11. exf5 Re8+ 12. Ne3 Bxb2 13. 0-0 Bxa1 14. Rxa1 Qf6 15. Rb1 a6 16. Ng4 Qc3 17. Rb3 Qa1+ 18. Bf1 Bxf5 19. Nh6+ Kh8 20. Nxf5 gxf5 21. Rxb7 Ne5 22. Ng5 Rg8 23. Nxf7+ Nxf7 24. Rxf7 Rad8 25. Rxf5 Rg6 26. g3 Re6 27. Qxa6 Re1 28. Kg2 Rb8 29. Rf7 Rbe8 30. Bd3 Rg1+ 31. Kh3 Qe5 32. Rxh7+ Kg8 33. Qc4+ d5 34. Qg4+ Kf8 35. Qf3+ Kg8 36. Qf7# 1-0

[Event "Titled Tuesday intern op 10th Sep Late"]
[Site "Chess,com INT"]
[Date "2024.09.10"]
[Round "8"]
[White "Merino Garcia, Rafael"]
[Black "Kaplan, Avi Harrison"]
[Result "0-1"]
[WhiteElo "2382"]
[BlackElo "2328"]
[PlyCount "62"]
[EventDate "2024.09.10"]
[EventType "swiss (blitz)"]
[EventRounds "11"]
[EventCountry "USA"]
[SourceTitle "EXT 2025"]
[Source "ChessBase"]
[SourceDate "2024.10.14"]
[SourceVersion "1"]
[SourceVersionDate "2024.10.14"]
[SourceQuality "1"]

1. d4 g6 2. Nf3 Bg7 3. Bf4 d6 4. e3 c5 5. h3 Nf6 6. Be2 0-0 7. 0-0 b6 8. c4 cxd4 9. exd4 Nbd7 10. Nc3 Bb7 11. d5 Rc8 12. Nd4 a5 13. b3 Nc5 14. Bf3 Nfd7 15. Qd2 Ne5 16. Bxe5 dxe5 17. Ndb5 e4 18. Be2 Ba6 19. Rad1 Bxb5 20. Nxb5 f5 21. f3 Qd7 22. Nd4 Qd6 23. fxe4 Nxe4 24. Qe3 Qc5 25. Bf3 Ng3 26. Rfe1 f4 27. Qf2 Bxd4 28. Rxd4 a4 29. Bg4 Ra8 30. Be6+ Kg7 31. Rxf4 Rxf4 0-1

[Event "Illinois op"]
[Site "Naperville"]
[Date "2024.09.02"]
[Round "7"]
[White "Kogen, Jonathan S"]
[Black "Kaplan, Avi Harrison"]
[Result "1-0"]
[WhiteElo "2213"]
[BlackElo "2273"]
[PlyCount "75"]
[EventDate "2024.08.30"]
[EventType "swiss"]
[EventRounds "7"]
[EventCountry "USA"]
[SourceTitle "EXT 2025"]
[Source "ChessBase"]
[SourceDate "2024.10.14"]
[SourceVersion "1"]
[SourceVersionDate "2024.10.14"]
[SourceQuality "1"]

1. d4 Nf6 2. Nf3 c5 3. d5 e6 4. Nc3 Nxd5 5. Nxd5 exd5 6. Qxd5 Be7 7. e4 d6 8. Bc4 0-0 9. 0-0 Nc6 10. c3 Na5 11. Bd3 g6 12. Bc2 Be6 13. Qd2 Re8 14. Qf4 Qd7 15. h4 h5 16. Qg3 Bf8 17. Bf4 Rad8 18. Rfd1 Bg4 19. Rd5 Nc4 20. b3 Nb6 21. Rd2 Qc6 22. Rad1 d5 23. Ne5 Rxe5 24. Bxe5 Bxd1 25. Bxd1 Bh6 26. Rd3 c4 27. Rd4 cxb3 28. Bxb3 Qb5 29. exd5 Nd7 30. Bc7 Re8 31. Rd1 a5 32. d6 Qf5 33. Qf3 Bf4 34. g3 Qh3 35. Qxf4 Ne5 36. d7 Rd8 37. Bxd8 Ng4 38. Qxf7+ 1-0

[Event "Titled Tuesday intern op 20th Aug Late"]
[Site "Chess.com INT"]
[Date "2024.08.20"]
[Round "11"]
[White "Akhayan, Ruben"]
[Black "Kaplan, Avi Harrison"]
[Result "0-1"]
[WhiteElo "2260"]
[BlackElo "2273"]
[PlyCount "44"]
[EventDate "2024.08.20"]
[EventType "swiss (blitz)"]
[EventRounds "11"]
[EventCountry "USA"]
[SourceTitle "EXT 2025"]
[Source "ChessBase"]
[SourceDate "2024.10.14"]
[SourceVersion "1"]
[SourceVersionDate "2024.10.14"]
[SourceQuality "1"]

1. e4 c6 2. d4 d5 3. Nc3 dxe4 4. Nxe4 Nd7 5. Bc4 Ngf6 6. Nxf6+ Nxf6 7. c3 Bg4 8. Qb3 Nd5 9. Qxb7 Nb6 10. Bb3 Qd6 11. h3 Bc8 12. Bf4 Bxb7 13. Bxd6 exd6 14. Nf3 d5 15. Ne5 f6 16. Nd3 Kf7 17. 0-0 Bd6 18. Rfd1 Rhe8 19. Nc5 Bxc5 20. dxc5 Nd7 21. c4 Nxc5 22. cxd5 Nxb3 0-1

[Event "Titled Tuesday intern op 20th Aug Early"]
[Site "Chess.com INT"]
[Date "2024.08.20"]
[Round "2"]
[White "Cina, Vittorio"]
[Black "Kaplan, Avi Harrison"]
[Result "1/2-1/2"]
[WhiteElo "2233"]
[BlackElo "2273"]
[PlyCount "183"]
[EventDate "2024.08.20"]
[EventType "swiss (blitz)"]
[EventRounds "11"]
[EventCountry "USA"]
[SourceTitle "EXT 2025"]
[Source "ChessBase"]
[SourceDate "2024.10.14"]
[SourceVersion "1"]
[SourceVersionDate "2024.10.14"]
[SourceQuality "1"]

1. d4 Nf6 2. c4 a6 3. Nc3 b5 4. cxb5 axb5 5. Nxb5 e5 6. dxe5 Ne4 7. Nc3 Bb4 8. Qd4 Ra4 9. Qd3 Ba6 10. Qc2 Ra3 11. Bd2 Nxd2 12. bxa3 Bxc3 13. Qxc3 Ne4 14. Qd4 Ng5 15. Nf3 Ne6 16. Qd2 0-0 17. g3 Qe7 18. Bg2 Qxa3 19. 0-0 Nc6 20. Rfd1 Rd8 21. h4 h6 22. Rab1 Bc4 23. Qc2 Qa6 24. e3 Be2 25. Bf1 Bxd1 26. Rxd1 Qa5 27. Qb2 Rb8 28. Qc2 Nxe5 29. Nxe5 Qxe5 30. Rxd7 Rb2 31. Qd3 Qf6 32. Be2 Rxa2 33. Kg2 g6 34. Bf3 Rb2 35. Qc4 h5 36. Rd1 Kg7 37. Rd7 c5 38. Rd6 Rb1 39. Bd5 Qa1 40. Bxe6 Rg1+ 41. Kf3 Qf6+ 42. Qf4 fxe6 43. Qxf6+ Kxf6 44. Rc6 Rc1 45. Ke2 Rc2+ 46. Kf3 Ke5 47. e4 Rc3+ 48. Ke2 c4 49. Rc5+ Kxe4 50. f3+ Kd4 51. Rg5 Rc2+ 52. Kd1 Rg2 53. Rxg6 Kd3 54. Ke1 c3 55. Rxe6 c2 56. Rd6+ Kc3 57. Rc6+ Kb2 58. Rb6+ Kc1 59. g4 hxg4 60. fxg4 Rxg4 61. h5 Rh4 62. h6 Rh5 63. Ke2 Re5+ 64. Kf3 Kd2 65. Rc6 Rh5 66. Rd6+ Ke1 67. Re6+ Kd1 68. Rd6+ Ke1 69. Rc6 Kd2 70. Rd6+ Kc3 71. Rc6+ Kb3 72. Rb6+ Kc4 73. Rc6+ Rc5 74. Rxc5+ Kxc5 75. h7 c1Q 76. h8Q Qf1+ 77. Ke3 Qe1+ 78. Kf3 Qf1+ 79. Ke3 Qc1+ 80. Kf3 Qa3+ 81. Ke4 Qb4+ 82. Ke3 Qb3+ 83. Ke4 Qc2+ 84. Ke3 Qc1+ 85. Ke2 Qc4+ 86. Ke3 Qe6+ 87. Kd3 Qd6+ 88. Kc3 Qg3+ 89. Kc2 Qf2+ 90. Kb3 Qe3+ 91. Qc3+ Qxc3+ 92. Kxc3 1/2-1/2

[Event "Titled Tuesday intern op 20th Aug Late"]
[Site "Chess.com INT"]
[Date "2024.08.20"]
[Round "10"]
[White "Kaplan, Avi Harrison"]
[Black "Petr, Jan1"]
[Result "0-1"]
[WhiteElo "2273"]
[BlackElo "2282"]
[PlyCount "62"]
[EventDate "2024.08.20"]
[EventType "swiss (blitz)"]
[EventRounds "11"]
[EventCountry "USA"]
[SourceTitle "EXT 2025"]
[Source "ChessBase"]
[SourceDate "2024.10.14"]
[SourceVersion "1"]
[SourceVersionDate "2024.10.14"]
[SourceQuality "1"]

1. e4 e5 2. Nf3 Nc6 3. Nc3 Nf6 4. Nxe5 Nxe5 5. d4 Nc6 6. d5 Bb4 7. dxc6 bxc6 8. Bd3 d5 9. exd5 cxd5 10. 0-0 0-0 11. Bg5 Be6 12. Qf3 h6 13. Bxf6 Qxf6 14. Qxf6 gxf6 15. Ne2 Rfe8 16. c3 Bd6 17. Rfe1 Rab8 18. Rab1 c5 19. Ng3 Rb6 20. Nf5 Bf8 21. b3 Rc8 22. Ne3 c4 23. bxc4 dxc4 24. Bf1 Rcb8 25. Rxb6 Rxb6 26. Nxc4 Rc6 27. Re4 f5 28. Rf4 Be7 29. Ne3 Bg5 30. Ra4 Rxc3 31. Rxa7 Kg7 0-1

[Event "Titled Tuesday intern op 20th Aug Late"]
[Site "Chess.com INT"]
[Date "2024.08.20"]
[Round "2"]
[White "Kaplan, Avi Harrison"]
[Black "Robson, Ray"]
[Result "0-1"]
[WhiteElo "2273"]
[BlackElo "2700"]
[PlyCount "64"]
[EventDate "2024.08.20"]
[EventType "swiss (blitz)"]
[EventRounds "11"]
[EventCountry "USA"]
[SourceTitle "EXT 2025"]
[Source "ChessBase"]
[SourceDate "2024.10.14"]
[SourceVersion "1"]
[SourceVersionDate "2024.10.14"]
[SourceQuality "1"]

1. Nf3 d5 2. b3 Nf6 3. Bb2 g6 4. c4 c6 5. g3 Bg7 6. Bg2 Bg4 7. 0-0 Nbd7 8. d3 0-0 9. Nbd2 Re8 10. Qc2 e5 11. cxd5 cxd5 12. h3 Rc8 13. Qb1 Bxf3 14. Nxf3 e4 15. dxe4 dxe4 16. Nd2 e3 17. Nc4 exf2+ 18. Rxf2 Qc7 19. Qf1 b5 20. Na3 Qxg3 21. Nxb5 Ng4 22. hxg4 Bxb2 23. Rd1 Be5 24. Rf3 Qh2+ 25. Kf2 Nf6 26. Rxf6 Bxf6 27. Qh1 Bh4+ 28. Kf1 Qg3 29. Qg1 a6 30. Nd6 Rcd8 31. Qb6 Rxd6 32. Rc1 Rxb6 0-1

[Event "Titled Tuesday intern op 20th Aug Late"]
[Site "Chess.com INT"]
[Date "2024.08.20"]
[Round "6"]
[White "Kaplan, Avi Harrison"]
[Black "Sheehan, Ethan"]
[Result "0-1"]
[WhiteElo "2273"]
[BlackElo "2331"]
[PlyCount "78"]
[EventDate "2024.08.20"]
[EventType "swiss (blitz)"]
[EventRounds "11"]
[EventCountry "USA"]
[SourceTitle "EXT 2025"]
[Source "ChessBase"]
[SourceDate "2024.10.14"]
[SourceVersion "1"]
[SourceVersionDate "2024.10.14"]
[SourceQuality "1"]

1. e4 c6 2. d4 d5 3. Nc3 dxe4 4. Nxe4 Nd7 5. Nf3 Ngf6 6. Neg5 h6 7. Nxf7 Kxf7 8. Bd3 e6 9. 0-0 Bd6 10. Re1 Re8 11. Ne5+ Kg8 12. Qf3 Qc7 13. Bxh6 Nxe5 14. dxe5 Bxe5 15. Bg5 Rf8 16. Qh3 Bxb2 17. Rab1 Bd4 18. Bg6 Bxf2+ 19. Kxf2 Ne4+ 20. Kg1 Nxg5 21. Qh5 Qf4 22. h4 Nf3+ 23. gxf3 Qg3+ 24. Kh1 Qxf3+ 25. Qxf3 Rxf3 26. Red1 Rf8 27. Rd6 e5 28. Rbd1 Bf5 29. Bxf5 Rxf5 30. Rd7 Rf7 31. Rxf7 Kxf7 32. Rd7+ Ke6 33. Rxb7 Rh8 34. Rxg7 Rxh4+ 35. Kg2 Ra4 36. Kf2 Rxa2 37. Ke3 Rxc2 38. Rxa7 Kd5 39. Rd7+ Kc4 0-1

[Event "Titled Tuesday intern op 20th Aug Early"]
[Site "Chess.com INT"]
[Date "2024.08.20"]
[Round "7"]
[White "Kucuksari, Kaan"]
[Black "Kaplan, Avi Harrison"]
[Result "1-0"]
[WhiteElo "2455"]
[BlackElo "2273"]
[PlyCount "81"]
[EventDate "2024.08.20"]
[EventType "swiss (blitz)"]
[EventRounds "11"]
[EventCountry "USA"]
[SourceTitle "EXT 2025"]
[Source "ChessBase"]
[SourceDate "2024.10.14"]
[SourceVersion "1"]
[SourceVersionDate "2024.10.14"]
[SourceQuality "1"]

1. d4 Nf6 2. c4 a6 3. Nc3 b5 4. cxb5 axb5 5. Nxb5 e5 6. Nf3 e4 7. Nd2 d5 8. e3 c6 9. Nc3 Bd6 10. f3 0-0 11. fxe4 Nxe4 12. Ndxe4 dxe4 13. g3 f5 14. Bc4+ Kh8 15. 0-0 Qg5 16. Ne2 Ba6 17. Bxa6 Nxa6 18. Nf4 Bxf4 19. Rxf4 Nb4 20. Bd2 Nd3 21. Rf1 Nxb2 22. Qc2 Nd3 23. Qxc6 Rac8 24. Qa4 h5 25. Qd1 h4 26. Kg2 Rb8 27. Rb1 Rxb1 28. Qxb1 h3+ 29. Kg1 Rc8 30. Qb5 g6 31. Qb3 Qd8 32. Bc3 Rb8 33. Qd1 Kh7 34. Qa4 Qc7 35. Ba1 Rb6 36. d5 Rb8 37. Qd4 Kh6 38. d6 Qc2 39. Qg7+ Kh5 40. Qh7+ Kg5 41. Qh4# 1-0